[Event "17. Activity-Cup"]
[Site "Haus des Schachsports, 1020 Wi"]
[Date "2017.04.12"]
[Round "6.4"]
[White "Bilyalov, Erol"]
[Black "Sölkner, Julian"]
[Result "1-0"]
[WhiteElo "1270"]
[BlackElo "1109"]
[Annotator "Gegenangriff"]
[PlyCount "67"]
[EventDate "2017.04.10"]

1. d4 d5 2. c4 dxc4 3. Nf3 Nf6 4. e3 Bg4 5. Bxc4 e6 6. h3 Bh5 7. a3 Nc6 8. Nc3
a6 9. Bd2 e5 10. dxe5 Nxe5 11. g4 Nxc4 12. gxh5 Bd6 13. Qa4+ b5 14. Nxb5 axb5
15. Qxb5+ Qd7 16. Qxc4 O-O 17. h6 g6 18. Bc3 Nh5 19. O-O-O Qf5 20. Qd4 f6 21.
Nh4 Qxf2 22. Rhg1 Be5 23. Qd5+ Kh8 24. Qe4 $2 Rab8 (24... Ng3 $1 25. Rxg3 $1 (
25. Qg2 Ne2+ 26. Kc2 Qxg2 27. Rxg2 Nxc3 28. bxc3 Rxa3 $17) 25... Qxg3 $11) 25.
Bxe5 Rfe8 26. Rdf1 Qe2 27. Bxf6+ Nxf6 28. Qd4 Qxe3+ 29. Qxe3 Rxe3 30. Rxf6 Rxh3
31. Rgf1 Kg8 32. Nf3 Rf8 33. Rxf8+ Kxf8 34. Ng5+ 1-0

[Event "17. Activity-Cup"]
[Site "Haus des Schachsports, 1020 Wi"]
[Date "2017.04.12"]
[Round "6.5"]
[White "Schwab, Harald"]
[Black "Amtmann, Patrick"]
[Result "1-0"]
[WhiteElo "979"]
[BlackElo "1198"]
[Annotator "Figurenfang in der Eröffnung"]
[PlyCount "73"]
[EventDate "2017.04.10"]

1. e4 e6 2. Nc3 d5 3. Nf3 c5 4. d4 Nc6 5. Be3 dxe4 6. Nxe4 cxd4 7. Nxd4 Nxd4 8.
Bxd4 a6 9. Be2 Be7 $4 10. O-O $4 (10. Bxg7 Qd5 (10... Bf6 11. Nxf6+ Nxf6 12.
Qxd8+ Kxd8 13. Bxf6+ Ke8 14. Bxh8) 11. Bf3 Qa5+ (11... f5 12. Nd2) 12. c3)
10... Nf6 11. Nxf6+ Bxf6 12. Bxf6 Qxf6 13. b3 O-O 14. Qd2 b5 15. Rad1 Bb7 16.
Qd3 Rad8 17. Qe3 Qg6 18. Bf3 Bxf3 19. Qxf3 Qxc2 20. a3 Rd2 21. Rxd2 Qxd2 22.
Rd1 Qb2 23. b4 Qe5 24. Qd3 g6 25. g3 Qf6 26. Qd6 Qf3 27. Rd3 Qe2 28. Re3 Qc4
29. Qxa6 Rd8 30. a4 Rd1+ 31. Kg2 Qd5+ 32. Rf3 bxa4 33. Qxa4 Rd3 34. Qe8+ Kg7
35. Qxf7+ Kh6 36. Qf4+ Kg7 37. Qf8# 1-0

[Event "17. Activity-Cup"]
[Site "Haus des Schachsports, 1020 Wi"]
[Date "2017.04.12"]
[Round "6.6"]
[White "Balint, Peter"]
[Black "Kober, Stefan"]
[Result "0-1"]
[WhiteElo "1029"]
[BlackElo "1120"]
[PlyCount "78"]
[EventDate "2017.04.10"]

1. e4 e5 2. Nf3 Nc6 3. Bb5 Nf6 4. Nc3 a6 5. Ba4 Bc5 6. Nxe5 Nxe5 7. d4 Bxd4 8.
Qxd4 Nc6 9. Bxc6 dxc6 10. Qxd8+ Kxd8 11. O-O Ke7 12. Re1 Re8 13. Bg5 Kf8 14. e5
Nd5 15. Nxd5 cxd5 16. h3 h6 17. Bh4 Bf5 18. Rac1 Re6 19. Bg3 Rd8 20. Bh4 Rd7
21. Bg3 d4 22. c3 d3 23. Rcd1 c5 24. b4 c4 25. a4 b5 26. axb5 axb5 27. f3 Rd5
28. Kf2 g5 29. f4 Kg7 30. fxg5 hxg5 31. Bh2 g4 32. hxg4 Bxg4 33. Rd2 Kg6 34.
Re3 f6 35. exf6 Rxf6+ 36. Kg1 Be2 37. Rg3+ Kf7 38. Rxe2 dxe2 39. Re3 Rd1# 0-1

[Event "17. Activity-Cup"]
[Site "Haus des Schachsports, 1020 Wi"]
[Date "2017.04.12"]
[Round "6.7"]
[White "Mandzhieva, Altana"]
[Black "Ernst, Robert"]
[Result "0-1"]
[WhiteElo "882"]
[BlackElo "867"]
[PlyCount "44"]
[EventDate "2017.04.10"]

1. e4 e5 2. Nf3 Nc6 3. Bc4 Nf6 4. Ng5 d5 5. exd5 Nxd5 6. Qf3 Qxg5 7. Bxd5 Qe7
8. Bxc6+ bxc6 9. Qxc6+ Qd7 10. Qxa8 Bc5 11. Nc3 O-O 12. d3 Qf5 13. Be3 Bxe3 14.
fxe3 Ba6 15. Qxa7 Qc8 16. Qc5 Qg4 17. O-O Bb7 18. Rf2 h5 19. h3 Qg3 20. Raf1 h4
21. Qxc7 Ba8 22. Rxf7 Qxg2# 0-1

[Event "17. Activity-Cup"]
[Site "Haus des Schachsports, 1020 Wi"]
[Date "2017.04.12"]
[Round "6.8"]
[White "Karapetian, Vahagn"]
[Black "Beroev, Mikhail"]
[Result "0-1"]
[WhiteElo "1009"]
[BlackElo "1324"]
[PlyCount "88"]
[EventDate "2017.04.10"]

1. d4 Nf6 2. c4 e6 3. Nc3 Bb4 4. Qc2 O-O 5. Nf3 d5 6. e3 dxc4 7. Bxc4 c5 8. O-O
cxd4 9. exd4 Nc6 10. Be3 Ne7 11. Bd3 h6 12. Ne4 Ned5 13. Nxf6+ Nxf6 14. a3 Be7
15. Be4 Nxe4 16. Qxe4 Qd5 17. Qe5 Bd6 18. Qxd5 exd5 19. Ne5 Re8 20. Bf4 f6 21.
Nd3 Bxf4 22. Nxf4 Re4 23. g3 Rxd4 24. Rfd1 Rxd1+ 25. Rxd1 Bg4 26. Rxd5 Rc8 27.
Nd3 Be2 28. Rd7 Rc2 29. Rd8+ Kh7 30. Rd7 a6 31. b4 Rc3 32. Nb2 Rxa3 33. Nd1 Ra1
34. Kg2 Rxd1 35. Rxd1 Bxd1 36. h3 b6 37. Kf1 a5 38. Ke1 Bb3 39. bxa5 bxa5 40.
Kd2 a4 41. Kc1 a3 42. Kb1 a2+ 43. Ka1 Kg6 44. Kb2 Kh5 0-1

[Event "17. Activity-Cup"]
[Site "Haus des Schachsports, 1020 Wi"]
[Date "2017.04.12"]
[Round "6.10"]
[White "Suleimanli, Muhammad"]
[Black "Schirmbeck, David"]
[Result "1-0"]
[WhiteElo "953"]
[BlackElo "845"]
[PlyCount "71"]
[EventDate "2017.04.10"]

1. e4 e5 2. Nf3 Nc6 3. Bc4 Bc5 4. Ng5 Qxg5 5. O-O Qd8 6. Nc3 Nf6 7. d3 O-O 8.
Bg5 d6 9. h3 Nd4 10. Be3 h6 11. a3 Bd7 12. b4 Bb6 13. a4 a5 14. b5 Re8 15. Nd5
Nxd5 16. Bxd5 Be6 17. Bxe6 Rxe6 18. c3 c5 19. cxd4 exd4 20. Bf4 Qf6 21. Qf3
Rae8 22. Qg3 Rd8 23. e5 dxe5 24. Bd2 Rd5 25. Rae1 Qg6 26. Qxg6 Rxg6 27. Re4 Re6
28. Rfe1 Bd8 29. f4 Bc7 30. f5 Re7 31. Rf1 b6 32. f6 gxf6 33. Rxf6 Kg7 34. Rxh6
Bd6 35. Rg4+ Kf8 36. Rh8# 1-0

[Event "17. Activity-Cup"]
[Site "Haus des Schachsports, 1020 Wi"]
[Date "2017.04.13"]
[Round "7.1"]
[White "Kober, Stefan"]
[Black "Georgiev, Daniel"]
[Result "0-1"]
[WhiteElo "1120"]
[BlackElo "1509"]
[PlyCount "116"]
[EventDate "2017.04.10"]

1. e4 c5 2. Nf3 d6 3. Nc3 Nc6 4. d4 cxd4 5. Nxd4 Nf6 6. Bb5 Bd7 7. O-O a6 8.
Nxc6 Bxc6 9. Bxc6+ bxc6 10. Re1 e5 11. Bg5 Be7 12. Bxf6 Bxf6 13. a4 O-O 14. a5
Rb8 15. Rb1 Qxa5 16. Qxd6 Rfc8 17. b4 Qc7 18. Qxc7 Rxc7 19. Rb3 Be7 20. Na2
Rcb7 21. c3 c5 22. Rd1 a5 23. Ra3 axb4 24. cxb4 cxb4 25. Rad3 b3 26. Nc3 b2 27.
Nd5 b1=Q 28. Nxe7+ Rxe7 29. g3 Qxd3 30. Rxd3 Rb1+ 31. Kg2 f6 32. h4 Kf7 33. h5
g6 34. h6 g5 35. Rf3 Re6 36. Re3 Kg6 37. g4 Kxh6 38. Rh3+ Kg6 39. f3 Rd6 40.
Kg3 Rd2 41. Rh2 Rg1+ 42. Kh3 Rxh2+ 43. Kxh2 Ra1 44. Kg2 h5 45. gxh5+ Kh6 46.
Kg3 Kxh5 47. Kg2 Kh4 48. Kf2 Ra3 49. Ke2 Kg3 50. Kd2 Kxf3 51. Kc2 Kxe4 52. Kb2
Rd3 53. Kc2 Kd4 54. Kb2 Rc3 55. Kb1 Kc4 56. Kb2 Kb4 57. Kb1 Kb3 58. Ka1 Rc1#
0-1

[Event "17. Activity-Cup"]
[Site "Haus des Schachsports, 1020 Wi"]
[Date "2017.04.13"]
[Round "7.2"]
[White "Ernst, Robert"]
[Black "Radnaev, Nomin"]
[Result "0-1"]
[WhiteElo "867"]
[BlackElo "1187"]
[PlyCount "54"]
[EventDate "2017.04.10"]

1. e4 e6 2. Bc4 d5 3. exd5 exd5 4. Be2 Nf6 5. d4 Bf5 6. Bf4 Nc6 7. Nf3 Bd6 8.
Bxd6 Qxd6 9. O-O Be4 10. Ng5 Qf4 11. Nxe4 Qxe4 12. c3 h5 13. Re1 Kd7 14. Bxh5
Qh4 15. Nd2 Qxh5 16. Qxh5 Nxh5 17. c4 Nxd4 18. Rac1 Nf4 19. Kh1 Nd3 20. cxd5
Nxc1 21. Rxc1 Rae8 22. g3 Re2 23. Rd1 Rxf2 24. h4 Ne2 25. Ne4 Rf3 26. Ng5 Rxg3
27. Nxf7 Rxh4# 0-1

[Event "17. Activity-Cup"]
[Site "Haus des Schachsports, 1020 Wi"]
[Date "2017.04.13"]
[Round "7.3"]
[White "Kaspar, Sebastian"]
[Black "Wickramasinghe, Nathaniel"]
[Result "1/2-1/2"]
[WhiteElo "1316"]
[BlackElo "1329"]
[Annotator "Entfesselung"]
[PlyCount "53"]
[EventDate "2017.04.10"]

1. e4 e5 2. Nf3 Nc6 3. Bb5 Nf6 4. d3 d6 5. O-O Be7 6. Bxc6+ bxc6 7. Nc3 Bg4 8.
h3 Bh5 9. Be3 d5 10. g4 $1 Nxg4 $1 11. Nxe5 $3 Nxe5 12. Qxh5 d4 $6 13. Qxe5
dxe3 14. fxe3 O-O 15. Qg3 Re8 16. Ne2 (16. e5 $1 {Mit der Idee, den schwarzen
Königsflügel zu beunruhigen und den Springer via e4 eventuell nach f6 zu
bringen.}) 16... Bh4 17. Qg2 $6 {Aktiver war Df4 oder Df3.} Re5 18. Rf5 Rxf5
19. exf5 Qe7 20. Qf3 Re8 21. Nf4 $2 Qxe3+ 22. Qxe3 Rxe3 23. Rf1 Bg5 24. Kg2
Bxf4 25. Rxf4 Re2+ 26. Rf2 Rxf2+ 27. Kxf2 {angesichts höchster Zeitnot von
Schwarz vereinbaren die beiden ein Remis. Schwarz steht hier aber besser, da
er am Königsflügel zu einem Freibauer käme.} 1/2-1/2

[Event "17. Activity-Cup"]
[Site "Haus des Schachsports, 1020 Wi"]
[Date "2017.04.13"]
[Round "7.4"]
[White "Englisch, Tobias"]
[Black "Bilyalov, Erol"]
[Result "1-0"]
[WhiteElo "1276"]
[BlackElo "1270"]
[PlyCount "93"]
[EventDate "2017.04.10"]

1. e4 e6 2. d4 d5 3. exd5 exd5 4. Nf3 Bg4 5. Be2 Nc6 6. Nc3 Bb4 7. O-O Nf6 8.
Bg5 O-O 9. Bxf6 Qxf6 10. Nxd5 Qd6 11. Nxb4 Qxb4 12. d5 Rad8 13. b3 Qe4 14. c4
Rfe8 15. Re1 Nb4 16. Bf1 Bxf3 17. Qxf3 Qxf3 18. Rxe8+ Rxe8 19. gxf3 Re5 20. a3
Nc2 21. Rc1 Nxa3 22. Ra1 Nc2 23. Rxa7 f6 24. Rxb7 Ne1 25. f4 Re4 26. Rxc7 Rxf4
27. d6 Kf8 28. d7 Ke7 29. d8=Q+ Kxd8 30. Rxg7 Rf3 31. b4 Rf4 32. b5 Nf3+ 33.
Kh1 Rh4 34. Rg2 Ne5 35. c5 Kc7 36. Rg7+ Kc8 37. c6 Ng4 38. Rxg4 Rxg4 39. Bh3 f5
40. Bxg4 fxg4 41. Kg2 h5 42. Kg3 Kc7 43. Kh4 Kb6 44. Kxh5 Kxb5 45. c7 Kc4 46.
c8=Q+ Kd3 47. Kxg4 1-0

[Event "17. Activity-Cup"]
[Site "Haus des Schachsports, 1020 Wi"]
[Date "2017.04.13"]
[Round "7.5"]
[White "Pavlov, Roman"]
[Black "Schwab, Harald"]
[Result "1-0"]
[WhiteElo "1377"]
[BlackElo "979"]
[PlyCount "69"]
[EventDate "2017.04.10"]

1. e4 e5 2. Nf3 Nc6 3. Bb5 Bc5 4. Nxe5 Nxe5 5. d4 Be7 6. dxe5 c6 7. Ba4 d6 8.
exd6 Bxd6 9. O-O Nf6 10. Re1 Nd7 11. Qxd6 b5 12. Bb3 a5 13. Qxc6 Rb8 14. a3 O-O
15. Qd6 Rb6 16. Qg3 Rg6 17. Qh3 Ne5 18. Qc3 Qe7 19. Bf4 b4 20. Qxe5 Qd7 21.
axb4 Qh3 22. Bg3 Qd7 23. bxa5 Rd8 24. Nc3 Re8 25. Qd5 Qe7 26. Rad1 Rd8 27.
Qxd8+ Qf8 28. Qxf8+ Kxf8 29. Rd8+ Ke7 30. Rxc8 Kd7 31. Rc7+ Kd8 32. Rd1+ Ke8
33. Ba4+ Rc6 34. Bxc6+ Kf8 35. Rd8# 1-0

[Event "17. Activity-Cup"]
[Site "Haus des Schachsports, 1020 Wi"]
[Date "2017.04.13"]
[Round "7.6"]
[White "Beroev, Mikhail"]
[Black "Sölkner, Julian"]
[Result "1/2-1/2"]
[WhiteElo "1324"]
[BlackElo "1109"]
[Annotator "Eröffnungsfehler"]
[PlyCount "40"]
[EventDate "2017.04.10"]

1. e4 e5 2. Nf3 Nc6 3. Bb5 Bc5 4. O-O d6 5. c3 Bg4 $2 6. d3 (6. d4 Bxf3 7. gxf3
exd4 8. cxd4 Bxd4 9. Qxd4) 6... Nf6 7. Be3 Bxe3 8. fxe3 O-O 9. Nbd2 a6 10. Ba4
Qe8 11. Bb3 d5 12. exd5 Nxd5 13. Qe2 Nf6 14. e4 Qd7 15. h3 Bh5 16. g4 Bg6 17.
Qe3 Rad8 18. Bc2 h5 19. g5 Qxh3 20. gxf6 Qg3+ 1/2-1/2

[Event "17. Activity-Cup"]
[Site "Haus des Schachsports, 1020 Wi"]
[Date "2017.04.13"]
[Round "7.7"]
[White "Amtmann, Patrick"]
[Black "Suleimanli, Muhammad"]
[Result "1-0"]
[WhiteElo "1198"]
[BlackElo "953"]
[PlyCount "117"]
[EventDate "2017.04.10"]

1. e4 e5 2. Nf3 Nc6 3. d4 f6 4. Nc3 Bb4 5. dxe5 fxe5 6. Bd3 Nf6 7. O-O d5 8.
Bg5 d4 9. Nd5 O-O 10. Nxb4 Nxb4 11. Nxe5 Re8 12. Nf3 Bg4 13. c3 Nc6 14. Re1 Bh5
15. Bxf6 Qxf6 16. Bc4+ Kh8 17. Bd5 Qg6 18. Nh4 Qg5 19. Nf3 Bxf3 20. Qxf3 Rf8
21. Qg3 Qxg3 22. hxg3 Rab8 23. Bxc6 bxc6 24. b3 d3 25. Rad1 Rbd8 26. Rd2 Rfe8
27. e5 Kg8 28. e6 Kf8 29. f3 g6 30. g4 Kg7 31. e7 Rd7 32. Kf2 Kf7 33. Re3 Rexe7
34. Rexd3 Rd6 35. Rxd6 cxd6 36. Rxd6 Rc7 37. f4 a5 38. Kf3 Kg7 39. g3 c5 40. c4
Ra7 41. Rc6 a4 42. Rxc5 axb3 43. axb3 Ra3 44. Rb5 Ra1 45. c5 Rc1 46. b4 Rc3+
47. Kf2 Rc2+ 48. Kf3 Rc3+ 49. Kg2 Rc2+ 50. Kh3 Rc1 51. Rb6 Rh1+ 52. Kg2 Ra1 53.
c6 Ra2+ 54. Kh3 Ra8 55. Rb7+ Kf6 56. c7 Ke7 57. c8=Q+ Kd6 58. Qc5+ Ke6 59. Qc6#
1-0

[Event "17. Activity-Cup"]
[Site "Haus des Schachsports, 1020 Wi"]
[Date "2017.04.13"]
[Round "7.10"]
[White "Schirmbeck, Klara"]
[Black "Mandzhieva, Altana"]
[Result "0-1"]
[WhiteElo "800"]
[BlackElo "882"]
[PlyCount "28"]
[EventDate "2017.04.10"]

1. e4 e5 2. Nf3 Nc6 3. Nc3 Bc5 4. Bc4 d6 5. d3 Bg4 6. O-O Nd4 7. Bg5 Nf6 8. h3
Nxf3+ 9. gxf3 Bxh3 10. Re1 h6 11. Bd2 Nh5 12. f4 Qh4 13. Re2 Qg4+ 14. Kh1 Qg2#
0-1

[Event "17. Activity-Cup"]
[Site "Haus des Schachsports, 1020 Wi"]
[Date "2017.04.13"]
[Round "7.11"]
[White "Schirmbeck, David"]
[Black "Karapetian, Vahagn"]
[Result "0-1"]
[WhiteElo "845"]
[BlackElo "1009"]
[PlyCount "62"]
[EventDate "2017.04.10"]

1. e4 e5 2. Nf3 Nf6 3. Nxe5 d6 4. Nf3 Nxe4 5. Qe2 Qe7 6. d3 Bd7 7. Nc3 Nxc3 8.
Qxe7+ Bxe7 9. bxc3 Bf6 10. Rb1 b6 11. Bf4 O-O 12. Be2 Be6 13. O-O Bxa2 14. Rb2
Be6 15. d4 Nc6 16. Bb5 Bd7 17. Re1 Rae8 18. Rxe8 Rxe8 19. h3 Nb8 20. Bxd7 Nxd7
21. Ra2 a5 22. Ra1 g5 23. Bh2 Re2 24. Rc1 c5 25. dxc5 Nxc5 26. Bxd6 a4 27. Bxc5
bxc5 28. Kf1 Re6 29. Ra1 Bxc3 30. Nxg5 Bxa1 31. Nf3 Re8 0-1

[Event "17. Activity-Cup"]
[Site "Haus des Schachsports, 1020 Wi"]
[Date "2017.04.13"]
[Round "7.13"]
[White "Beroev, Matvey"]
[Black "Yushko, Andrey"]
[Result "0-1"]
[WhiteElo "800"]
[BlackElo "855"]
[PlyCount "82"]
[EventDate "2017.04.10"]

1. e4 c5 2. Nf3 e6 3. Bd3 d6 4. Nc3 Nf6 5. O-O Be7 6. Re1 O-O 7. Bc4 a6 8. d3
b5 9. Bb3 Bb7 10. Bd2 Nbd7 11. a4 d5 12. axb5 dxe4 13. dxe4 axb5 14. Nxb5 Rb8
15. Ba5 Qe8 16. Qc1 Bxe4 17. Nd2 Bc6 18. Ba4 Bxb5 19. Bxb5 Rxb5 20. Nb3 Nd5 21.
Rd1 N5b6 22. Kh1 h6 23. Rg1 Bg5 24. Qd1 Ne5 25. h3 Nc6 26. Bd2 Nc4 27. Re1 Nxb2
28. Qb1 Nc4 29. Qa2 Bxd2 30. Red1 Bc3 31. Rab1 Nb4 32. Qa3 Nxa3 33. Rbc1 Bb2
34. Rf1 Bxc1 35. Rxc1 Qc6 36. Rd1 Nbxc2 37. Rc1 Rxb3 38. Kh2 Rb1 39. Rxb1 Nxb1
40. Kg3 Ne1 41. Kh2 Qxg2# 0-1